Čerpacie stanice

Bibliographic Details
Main Author: Paciga, Alexander, 1928-2009 (Author)
Format: Book
Language:Slovak
PhysicalDescription:200 s. grafy, sch. 29 cm
Published: Bratislava Slovenská vysoká škola technická 1977
Edition:1. vyd.
Subjects:

MARC

LEADER 00000cam a2200000 a 4500
001 vtls001110411
003 SK-MaSNL
005 20260301044920.0
008 240314s1977 xo da e n 00000 slo
015 |a SNBA1978 
035 |a SNK000053254 
040 |a SNK  |b slo  |c SNK  |e AACR2 
041 0 |a slo 
044 |a xo  |c SK 
080 |a 621.69(075.8)  |2 1981 
100 1 |a Paciga, Alexander,  |d 1928-2009  |4 aut  |9 37316 
245 1 0 |a Čerpacie stanice  |c Alexander Paciga 
250 |a 1. vyd. 
260 |a Bratislava  |b Slovenská vysoká škola technická  |c 1977 
300 |a 200 s.  |b grafy, sch.  |c 29 cm 
366 |e 100 výt. 
504 |a Bibliogr. odkazy 
650 0 7 |a čerpacie stanice  |2 SNKPH  |9 144607 
650 0 7 |a hydrodynamické čerpadlá  |2 SNKPH  |9 166857 
655 7 |a učebnice vysokých škôl  |2 SNKPH  |9 70191 
958 |a OND 
958 |a RM 
958 |a UV 
958 |a NB 
999 |c 597102  |d 599032 
952 |a SNK  |b SNK  |y VYP  |7 0  |o snkSB 25905 D1  |i snkKSP 403/78  |0 0  |1 0  |4 0  |d 2014-06-26  |l 0  |r 2026-02-23 15:43:14  |w 2026-02-23 
952 |a SNK  |b SNK  |y PREZ  |7 0  |p 17A0968003  |o snkSB 25905  |i snkKSP 402/78  |0 0  |1 0  |4 0  |d 2014-06-26  |f 1  |l 0  |r 2025-03-28 00:00:00  |w 2026-02-23